00441nam a2200181Ia 4500003000400000005001700004008004100021020001500062040000700077041000800084082001300092100003500105245004100140250000600181260004200187300001700229365001300246OSt20230411155525.0210423s2009 xx 000 0 und d a8122420699 cAL aeng a658 KUCM aKUCHHAL (M C);PRAKASH (Deepa). aBusiness legislation for management. a2 aNew DelhibVikaksh Publicationsc2009 axiii,649bPB b300cINR